005860000a22001930004500020001500000060000800015082001400023100002000037100002200057245005500079250000600134260003300140260000900173300000800182650006400190942000700254999001900261952011200280 a0256020418 a100 a658.5 BUF aBuffa, Elwood S aMiller, Jeffrey G aProduction-inventory systems: planning and control a3 aU S A, Richard d irwin, Inc. c1968 a744 aproduction-inventory systems-planning/management production cBK c353736d353736 00104070aKAUCOAVbKAUCOAVd2014-05-02l0o658.5 BUFpKAU_COAV-17784r2014-05-02 00:00:00w2014-05-02yBK